00485 2200193 4500001002100000005001500021008004100036020002200077035001900099041000700118082001000125090001600135100001000151245003600161250000600197260003800203300003100241650001900272INLIS00000000001435920241224114729241224||||||||| | ||| |||| || |  a978-979-29-2698-9 0010-1224014359 aen0 a495.6 a495.6 JEN c0 aJenny00aCantonese For Indonesian Worker a1 aYogyakartabCV. Andi Offsetc2011 axii + 148 hlm.; 13 x 19 cm 0abahasa inggris